<?xml version="1.0" encoding="UTF-8"?>
<record
    xmlns:xsi="http://www.w3.org/2001/XMLSchema-instance"
    xsi:schemaLocation="http://www.loc.gov/MARC21/slim http://www.loc.gov/standards/marcxml/schema/MARC21slim.xsd"
    xmlns="http://www.loc.gov/MARC21/slim">

  <leader>00786nam a2200193 i 4500</leader>
  <controlfield tag="001">132171</controlfield>
  <controlfield tag="003">ES-MaACL</controlfield>
  <controlfield tag="005">20230906194123.0</controlfield>
  <controlfield tag="007">t|</controlfield>
  <controlfield tag="008">070214s1970    sp           |||| |dspa d</controlfield>
  <datafield tag="100" ind1="1" ind2=" ">
    <subfield code="a">Rodr&#xED;guez Valencia, Vicente.</subfield>
    <subfield code="9">98849</subfield>
  </datafield>
  <datafield tag="245" ind1="1" ind2="0">
    <subfield code="a">Isabel la Cat&#xF3;lica en la opini&#xF3;n de espa&#xF1;oles y extranjeros </subfield>
    <subfield code="b">: siglos XV al XX / </subfield>
    <subfield code="c">Vicente Rodr&#xED;guez Valencia.</subfield>
  </datafield>
  <datafield tag="260" ind1=" " ind2=" ">
    <subfield code="a">Valladolid : </subfield>
    <subfield code="b">Instituto "Isabel la Cat&#xF3;lica" de Historia Eclesi&#xE1;stica,</subfield>
    <subfield code="c">1970.</subfield>
  </datafield>
  <datafield tag="300" ind1=" " ind2=" ">
    <subfield code="a">3 v. ; </subfield>
    <subfield code="c">24 cm.</subfield>
  </datafield>
  <datafield tag="505" ind1="8" ind2=" ">
    <subfield code="a">Contiene: I ; </subfield>
    <subfield code="t">Siglos XV al XVI - II ; </subfield>
    <subfield code="t">Siglos XVII al XX - III ; </subfield>
    <subfield code="t">Ap&#xE9;ndices</subfield>
  </datafield>
  <datafield tag="600" ind1="0" ind2="4">
    <subfield code="a">Isabel </subfield>
    <subfield code="b">I, </subfield>
    <subfield code="c">Reina de Castilla-</subfield>
    <subfield code="v">Fuentes.</subfield>
    <subfield code="9">167809</subfield>
  </datafield>
  <datafield tag="710" ind1="2" ind2=" ">
    <subfield code="a">Instituto "Isabel la Cat&#xF3;lica" de Historia Eclesi&#xE1;stica.</subfield>
    <subfield code="9">5102</subfield>
  </datafield>
  <datafield tag="852" ind1=" " ind2=" ">
    <subfield code="a">ES-MaACL</subfield>
    <subfield code="j">P-1621</subfield>
  </datafield>
  <datafield tag="999" ind1=" " ind2=" ">
    <subfield code="c">132171</subfield>
    <subfield code="d">132171</subfield>
  </datafield>
  <datafield tag="952" ind1=" " ind2=" ">
    <subfield code="0">0</subfield>
    <subfield code="1">0</subfield>
    <subfield code="4">0</subfield>
    <subfield code="7">0</subfield>
    <subfield code="a">ATENEOM</subfield>
    <subfield code="b">ATENEOM</subfield>
    <subfield code="c">DEPO2</subfield>
    <subfield code="d">2008-01-17</subfield>
    <subfield code="e">SC</subfield>
    <subfield code="l">0</subfield>
    <subfield code="o">P-1621</subfield>
    <subfield code="p">1137604</subfield>
    <subfield code="r">2023-02-23 00:00:00</subfield>
    <subfield code="w">2023-02-23</subfield>
    <subfield code="y">MONOGRAFIA</subfield>
  </datafield>
</record>
